00384 a2200109 4500001001000000005001700010008004100027245011900068100002000187773005000207999001700257ART_3130620260410161840.0260409a 10aProceso sumario de ilegitimidad en el Código Procesal Contencioso Administrativo de la provincia de Buenos Aires1 aTulia, Mauro A.0 tRAPg- Año 37, Nº 433 (oct. 2014)wREV5941 c24039d24039